Southville International School and Colleges
Your cart is empty.
  • Cart
  • Lists
    Public lists Eva Luna New books Lux_list list_1
    Your lists Log in to create your own lists
  • Log in to your account
  • Your cookies
  • Search history
Southville International School and Colleges
  • Advanced search
  • Recent comments
  • Most popular
  • Libraries

Log in to your account

Log in with GOOGLE


If you do not have an external account, but do have a local account, you can still log in:

  1. Home
  2. MARC view: Simplified approach to thesis writing /
Normal view MARC view ISBD view

Simplified approach to thesis writing / (Record no. 290935)

[ view plain ]
MARC details
000 -LEADER
fixed length control field 00577nam a2200217Ia 4500
008 - FIXED-LENGTH DATA ELEMENTS--GENERAL INFORMATION
fixed length control field 160216s9999 xx 000 0 und d
020 ## - INTERNATIONAL STANDARD BOOK NUMBER
International Standard Book Number 971-908-170-5
050 ## - LIBRARY OF CONGRESS CALL NUMBER
Classification number FIL LB 2369
050 ## - LIBRARY OF CONGRESS CALL NUMBER
Item number .A38 2002 c.1
100 ## - MAIN ENTRY--PERSONAL NAME
Personal name Aguinaldo, Milagros M.
245 ## - TITLE STATEMENT
Title Simplified approach to thesis writing /
245 ## - TITLE STATEMENT
Statement of responsibility, etc Milagros M. Aguinaldo.
260 ## - PUBLICATION, DISTRIBUTION, ETC. (IMPRINT)
Place of publication, distribution, etc Quezon City:
260 ## - PUBLICATION, DISTRIBUTION, ETC. (IMPRINT)
Name of publisher, distributor, etc MMA Pub.,
260 ## - PUBLICATION, DISTRIBUTION, ETC. (IMPRINT)
Date of publication, distribution, etc 2002
300 ## - PHYSICAL DESCRIPTION
Extent 154 pages :
300 ## - PHYSICAL DESCRIPTION
Other physical details ill. ;
300 ## - PHYSICAL DESCRIPTION
Dimensions 28 cm.
500 ## - GENERAL NOTE
General note Includes bibliographical references.
650 ## - SUBJECT ADDED ENTRY--TOPICAL TERM
Topical term or geographic name as entry element Dissertations, Academic.
Holdings
Withdrawn status Lost status Damaged status Home library Current library Shelving location Date acquired Total Checkouts Full call number Barcode Date last seen Price effective from Koha item type
      South Mansfield College South Mansfield College Filipiniana Section     FIL LB 2369 .A38 2002 c.1 SMC01669 02/16/2016 02/16/2016  

Simplified approach to thesis writing /

APA

Aguinaldo M. M., .Simplified approach to thesis writing. Quezon City: .

Chicago

Aguinaldo Milagros M, .Simplified approach to thesis writing. Quezon City: .

Harvard

Aguinaldo M. M., .Simplified approach to thesis writing. Quezon City: .

MLA

Aguinaldo Milagros M, .Quezon City: . .

  • Place hold
  • Print
  • Cite
  • Add to your cart (remove)
  • Save record
    BIBTEX Dublin Core MARCXML MARC (non-Unicode/MARC-8) MARC (Unicode/UTF-8) MARC (Unicode/UTF-8, Standard) MODS (XML) RIS
  • More searches
    Search for this title in:
    Other Libraries (WorldCat) Other Databases (Google Scholar) Online Stores (Bookfinder.com) Open Library (openlibrary.org)

Exporting to Dublin Core...

SOUTHVILLE LIBRARY

Southville International School and Colleges Library

1281 Tropical Ave. Cor. Luxembourg St., BF Homes International, Las Pinas City

Tel. No. 8256374 / 252358 Loc. 117/146

Powered by Koha